Normal view
MARC view
Entry Nome pessoal
001 - NÚMERO DE CONTROLE
- campo de controle: 127
003 - IDENTIFICADOR DO NÚMERO DE CONTROLE
- campo de controle: Br
005 - DATA E HORÁRIO DA ÚLTIMA TRANSAÇÃO
- campo de controle: 20250122090538.0
008 - CAMPO DE DADOS FIXOS
- campo de controle de tamanho fixo: a a
035 ## - NÚMERO DE CONTROLE DO SISTEMA
- Número de Controle do Sistema: 99090617095178042
040 ## - FONTE DA CATALOGAÇÃO
- Instituição da catalogação original: OSt
100 1# - CABEÇALHO--NOME PESSOAL
- Nome pessoal: Barth, John,
- Datas associadas ao nome: 1930-2024
670 ## - FONTE POSITIVA DOS DADOS
- Citação da fonte positiva dos dados: Autor de: Quimera. 1986.
- Dados encontrados na fonte localizada no subcampo: (v. f. r. : d.n.)
670 ## - FONTE POSITIVA DOS DADOS
- Citação da fonte positiva dos dados: LC microf. n. 032, 77/83 set.
- Dados encontrados na fonte localizada no subcampo: (AACR2, d.n.)
670 ## - FONTE POSITIVA DOS DADOS
- Citação da fonte positiva dos dados: LC 75